000 00712nam a2200217Ii 4500
003 JO-AjNU
008 230605s9999||||xx |||||||||||||| ||und||
017 _a1997/2/209
040 _aJO-AjNU
_bara
_erda
_cJO-AjNU
041 _aara
050 1 4 _aHF5415 .M83. 1997
100 3 _aناصر، حمد جودت,
_eauthor
_945483
245 0 0 _aالاصول التسويقية في ادارة المحلات والمؤسسات التجارية
250 _aط1
264 3 1 _aعمان:دار مجدلاوي للنشر والتوزيع؛1997
300 _a444ص
336 _atext
_btxt
_2rdacontent
337 _aunmediated
_bn
_2rdamedia
338 _avolume
_bnc
_2rdacarrier
650 4 _aالتسويق
_945484
999 _aA19720
_c23288
_d23288